00958nam a2200169 i 4500001000700000003000900007005001700016008004100033245033000074260004800404300003900452650003800491650003800529710004400567710006500611852011200676180565ES-MaACL20240220155108.0120614s1860 sp l |||| | spa d00aColección legislativa de cárceles b: comprensiva de todas las leyes que se hallan en la novísima recopilación, referentes al ramo, y de todas las disposiciones legales y reglamentarias, expedidas posteriormente hasta 31 de diciembre de 1860 / cformada de orden de la Dirección General de Establecimientos Penales. aMadrid : b[s.n.], c1860 (fImp. Nacional) av, 349 p., [1] h. pleg. ; c23 cm. aDerecho penitenciario-zEspaña. aDerecho penitenciario-zEspaña.1 aEspaña. tLeyes, etc. penitenciarias.1 aEspaña. bDirección General de Establecimientos Penales. aES-MaACLjD-193 z.- Donativo Lastres z.- Dedicatoria manuscrita a Agustín Argüelles de Antonio de Lao